Применение синхронизированных сильноточных наносекундных ускорителей электронов для исследования оптического поглощения люминесценции диэлектриков; Тезисы докладов на 7 Всесоюзном симпозиуме по сильноточной электронике (Томск, 4-6 мая, 1988); Ч. 3

Podrobná bibliografie
Parent link:Тезисы докладов на 7 Всесоюзном симпозиуме по сильноточной электронике (Томск, 4-6 мая, 1988)
Ч. 3.— 1988.— С. 203-205
Hlavní autor: Вайсбурд Д. И.
Další autoři: Семин Б. Н., Серобин Е. С.
Jazyk:ruština
Vydáno: 1988
Témata:
Médium: MixedMaterials Kapitola
KOHA link:https://koha.lib.tpu.ru/cgi-bin/koha/opac-detail.pl?biblionumber=594955

MARC

LEADER 00000naa0a2200000 4500
001 594955
005 20250220140056.0
035 |a (RuTPU)RU\TPU\tpu\12308 
035 |a RU\TPU\tpu\12307 
090 |a 594955 
100 |a 20050609d1988 k y0rusy50 ca 
101 0 |a rus 
102 |a RU 
200 1 |a Применение синхронизированных сильноточных наносекундных ускорителей электронов для исследования оптического поглощения люминесценции диэлектриков  |f Д. И. Вайсбурд, Б. Н. Семин, Е. С. Серобин 
461 |t Тезисы докладов на 7 Всесоюзном симпозиуме по сильноточной электронике (Томск, 4-6 мая, 1988) 
463 |t Ч. 3  |v С. 203-205  |d 1988 
610 1 |a сильноточная электроника 
610 1 |a наносекундные ускорители 
610 1 |a применение 
610 1 |a электроны 
610 1 |a оптическое поглощение 
610 1 |a люминесценция 
610 1 |a диэлектрики 
610 1 |a исследование 
610 1 |a синхронизирующие устройства 
610 1 |a труды учёных ТПУ 
700 1 |a Вайсбурд  |b Д. И. 
701 1 |a Семин  |b Б. Н. 
701 1 |a Серобин  |b Е. С. 
801 1 |a RU  |b 63413507  |c 20050609  |g PSBO 
801 2 |a RU  |b 63413507  |c 20100423  |g PSBO 
942 |c BK